[Event "BL2-Sued 0607"]
[Site "Germany"]
[Date "2007.04.22"]
[Round "9.4"]
[White "Kountz, Jochen"]
[Black "Wintzer, Joachim"]
[Result "1-0"]
[WhiteElo "2350"]
[BlackElo "2345"]
[PlyCount "63"]
[EventDate "2006.10.15"]
[EventType "team-tourn"]
[EventRounds "9"]
[EventCountry "GER"]
[SourceTitle "EXT 2008"]
[Source "ChessBase"]
[SourceDate "2007.11.25"]
[SourceVersion "1"]
[SourceVersionDate "2007.11.25"]
[SourceQuality "1"]
[WhiteTeam "Untergrombach"]
[BlackTeam "Kirchheim"]
[WhiteTeamCountry "GER"]
[BlackTeamCountry "GER"]

1. e4 e6 2. d4 d5 3. Nc3 Bb4 4. e5 c5 5. a3 Bxc3+ 6. bxc3 Qc7 7. Qg4 f5 8. Qh5+ g6 9. Qd1 Bd7 10. a4 Nc6 11. h4 cxd4 12. cxd4 Nb4 13. Bd3 Qc3+ 14. Bd2 Nxd3+ 15. cxd3 Qxd4 16. Ne2 Qxd3 17. h5 Ne7 18. Rh3 Qe4 19. Kf1 Kf7 20. Bg5 h6 21. hxg6+ Nxg6 22. Bf6 Rh7 23. Re3 Qc4 24. Rc3 Qa6 25. Kg1 Kg8 26. Nd4 Rc8 27. Qh5 Kf7 28. Rxc8 Bxc8 29. Nb5 Bd7 30. Rc1 Be8 31. Rc7+ Kg8 32. Rc8 1-0

[Event "Oberliga Baden 0506"]
[Site "Germany"]
[Date "2006.04.02"]
[Round "9.3"]
[White "Kountz, Jochen"]
[Black "Berberich, Christoph"]
[Result "1/2-1/2"]
[WhiteElo "2338"]
[BlackElo "2140"]
[PlyCount "24"]
[EventDate "2005.10.23"]
[EventType "team-tourn"]
[EventRounds "9"]
[EventCountry "GER"]
[SourceTitle "EXT 2007"]
[Source "ChessBase"]
[SourceDate "2006.11.23"]
[SourceVersion "1"]
[SourceVersionDate "2006.11.23"]
[SourceQuality "1"]
[WhiteTeam "Untergrombach"]
[BlackTeam "Freiburg"]
[WhiteTeamCountry "GER"]
[BlackTeamCountry "GER"]

1. e4 c5 2. Nf3 Nc6 3. Nc3 e6 4. d4 cxd4 5. Nxd4 Nf6 6. Be2 Bb4 7. Qd3 d5 8. exd5 Qxd5 9. Nxc6 Qxc6 10. 0-0 0-0 11. Bf3 Qd6 12. Qxd6 Bxd6 1/2-1/2

[Event "Walldorf"]
[Site "Walldorf"]
[Date "2006.04.??"]
[Round "9"]
[White "Hess, Markus"]
[Black "Kountz, Jochen"]
[Result "1/2-1/2"]
[WhiteElo "2189"]
[BlackElo "2338"]
[PlyCount "88"]
[EventDate "2006.04.13"]
[EventType "tourn"]
[EventRounds "9"]
[EventCountry "GER"]
[EventCategory "4"]
[SourceTitle "CBM 111 Extra"]
[Source "ChessBase"]
[SourceDate "2006.05.09"]
[SourceVersion "1"]
[SourceVersionDate "2006.05.09"]
[SourceQuality "1"]

1. e4 e6 2. d3 d5 3. Nd2 Nf6 4. Ngf3 b6 5. g3 dxe4 6. dxe4 Bb7 7. Qe2 Ba6 8. c4 Nc6 9. Bg2 e5 10. 0-0 Nd4 11. Qd1 Nxf3+ 12. Nxf3 Qxd1 13. Rxd1 Bd6 14. b3 0-0 15. Bb2 Rfe8 16. Nh4 Bc5 17. Nf3 Nxe4 18. Rf1 Rad8 19. Bxe5 b5 20. Rac1 bxc4 21. bxc4 Nd2 22. Bxc7 Nxf1 23. Bxd8 Ne3 24. Ba5 Nxg2 25. Kxg2 Re2 26. Be1 Rxa2 27. Ne5 f6 28. Nd3 Ba3 29. Rc3 Bf8 30. Kf3 Kf7 31. Ke3 Ra3 32. Kd4 Rxc3 33. Bxc3 Ke8 34. Nc5 Bc8 35. Kd5 Be7 36. Kc6 Bg4 37. Nb3 Be2 38. Na5 Bf3+ 39. Kb5 Kd7 40. Bd4 Bd8 41. Bxa7 Bxa5 42. Kxa5 Kc6 43. Kb4 g5 44. Bc5 g4 1/2-1/2

[Event "Walldorf"]
[Site "Walldorf"]
[Date "2006.04.??"]
[Round "8"]
[White "Kountz, Jochen"]
[Black "Amigues, Emmanuel"]
[Result "1/2-1/2"]
[WhiteElo "2338"]
[BlackElo "2332"]
[PlyCount "32"]
[EventDate "2006.04.13"]
[EventType "tourn"]
[EventRounds "9"]
[EventCountry "GER"]
[EventCategory "4"]
[SourceTitle "CBM 111 Extra"]
[Source "ChessBase"]
[SourceDate "2006.05.09"]
[SourceVersion "1"]
[SourceVersionDate "2006.05.09"]
[SourceQuality "1"]

1. e4 Nf6 2. e5 Nd5 3. d4 d6 4. Nf3 Bg4 5. Be2 e6 6. h3 Bxf3 7. Bxf3 c6 8. 0-0 dxe5 9. dxe5 Nd7 10. Qe2 Qc7 11. Rd1 Ne7 12. Bf4 Ng6 13. Bg3 Bc5 14. Nd2 0-0 15. Nb3 Bb6 16. Kh1 a5 1/2-1/2

[Event "Walldorf"]
[Site "Walldorf"]
[Date "2006.04.??"]
[Round "3"]
[White "Kountz, Jochen"]
[Black "Galdunts, Sergey"]
[Result "0-1"]
[WhiteElo "2338"]
[BlackElo "2485"]
[PlyCount "60"]
[EventDate "2006.04.13"]
[EventType "tourn"]
[EventRounds "9"]
[EventCountry "GER"]
[EventCategory "4"]
[SourceTitle "CBM 111 Extra"]
[Source "ChessBase"]
[SourceDate "2006.05.09"]
[SourceVersion "1"]
[SourceVersionDate "2006.05.09"]
[SourceQuality "1"]

1. e4 e5 2. Nf3 Nc6 3. Bb5 a6 4. Bxc6 dxc6 5. 0-0 Qd6 6. Na3 b5 7. d4 exd4 8. Nxd4 c5 9. Ne2 Qxd1 10. Rxd1 c4 11. Bf4 Bb7 12. Bxc7 c3 13. Bd6 cxb2 14. Rab1 Ne7 15. c4 0-0-0 16. cxb5 Rxd6 17. Rxd6 Ng6 18. bxa6 Bxe4 19. Rd4 Bxb1 20. Nxb1 Be7 21. Nec3 Rd8 22. Nd5 Bc5 23. Rd2 Ne5 24. Kf1 Nc4 25. Rc2 Rxd5 26. Rxc4 Rd1+ 27. Ke2 Rc1 28. Kd3 Kb8 29. Nd2 Rd1 30. a7+ Ka8 0-1

[Event "Walldorf"]
[Site "Walldorf"]
[Date "2006.04.??"]
[Round "5"]
[White "Kountz, Jochen"]
[Black "Zuse, Peter"]
[Result "1-0"]
[WhiteElo "2338"]
[BlackElo "2333"]
[PlyCount "63"]
[EventDate "2006.04.13"]
[EventType "tourn"]
[EventRounds "9"]
[EventCountry "GER"]
[EventCategory "4"]
[SourceTitle "CBM 111 Extra"]
[Source "ChessBase"]
[SourceDate "2006.05.09"]
[SourceVersion "1"]
[SourceVersionDate "2006.05.09"]
[SourceQuality "1"]

1. e4 c5 2. Nf3 d6 3. d4 cxd4 4. Nxd4 Nf6 5. Nc3 a6 6. Be3 e5 7. Nde2 Be7 8. Qd2 0-0 9. Ng3 Be6 10. 0-0-0 Nbd7 11. Nf5 Bxf5 12. exf5 b5 13. f4 b4 14. Nd5 Nxd5 15. Qxd5 a5 16. fxe5 Nxe5 17. Kb1 a4 18. Be2 Qc8 19. Rhf1 Nd7 20. g4 a3 21. g5 b3 22. cxb3 Bd8 23. Qxd6 Re8 24. Qxd7 Rxe3 25. Bc4 Bxg5 26. Qxf7+ Kh8 27. f6 Bh6 28. Rd7 Qf8 29. Qh5 g6 30. Qd5 Rae8 31. Re7 Rd8 32. Qb7 1-0